Speed Typing Quiz (Again)(Again) - Statistics

General Stats
  • This quiz has been taken 61 times
  • The average score is 41 of 81
Answer Stats
Hint Answer % Correct
t t
100%
y y
100%
t t
95%
b b
93%
e e
93%
i i
93%
m m
93%
r r
93%
u u
93%
t t
90%
t t
90%
y y
90%
b b
85%
e e
85%
i i
85%
r r
85%
u u
85%
m m
83%
y y
80%
t t
78%
t t
78%
e e
75%
r r
75%
b b
73%
i i
73%
u u
73%
m m
70%
t t
70%
t t
70%
y y
70%
e e
68%
r r
68%
b b
65%
i i
65%
u u
65%
m m
63%
t t
60%
y y
60%
t t
58%
e e
50%
b b
43%
i i
43%
r r
43%
u u
43%
m m
40%
t t
40%
y y
40%
b b
38%
e e
38%
r r
38%
t t
38%
i i
35%
u u
35%
m m
33%
t t
30%
t t
30%
y y
30%
e e
25%
r r
25%
b b
23%
i i
20%
u u
18%
m m
15%
b b
13%
e e
13%
i i
13%
r r
13%
t t
13%
t t
13%
u u
13%
y y
13%
m m
10%
t t
10%
t t
10%
y y
10%
b b
8%
e e
8%
i i
8%
m m
8%
r r
8%
u u
8%
No matching quizzes found
Score Distribution
Percent of People with Each Score
Percentile by Number Answered
Your Score History
You have not taken this quiz